Pre-action protocol for claims for damages in relation to the physical state of commercial property at the end of a lease (Record no. 105902)

MARC details
000 -LEADER
fixed length control field 01074cam a2200205 4500
001 - CONTROL NUMBER
control field ##E135069
008 - FIXED-LENGTH DATA ELEMENTS--GENERAL INFORMATION
fixed length control field 010925n2006 000 0 eng u
035 ## - SYSTEM CONTROL NUMBER
System control number (Sirsi) u135069
041 0# - LANGUAGE CODE
Language code of text/sound track or separate title eng
050 04 - LIBRARY OF CONGRESS CALL NUMBER
Classification number 346.410434 $2 18
110 2# - MAIN ENTRY--CORPORATE NAME
Corporate name or jurisdiction name as entry element Property Litigation Association
9 (RLIN) 4147
245 00 - TITLE STATEMENT
Title Pre-action protocol for claims for damages in relation to the physical state of commercial property at the end of a lease
Remainder of title the dilapidations protocol
260 ## - PUBLICATION, DISTRIBUTION, ETC.
Place of publication, distribution, etc. [S.I.]
Name of publisher, distributor, etc. PLA
Date of publication, distribution, etc. 2006
520 ## - SUMMARY, ETC.
Summary, etc. This revised version of the Dilapidations Protocol takes into account the comments made by PLA members. The PLA Law Reform Committee also worked closely with the RICS Working Party on Dilapidations, who have endorsed the new protocol, and leading members of the Bar. Applies to commercial property in England and Wales.
590 ## - LOCAL NOTE (RLIN)
Local note IKA031006 NTK
651 #4 - SUBJECT ADDED ENTRY--GEOGRAPHIC NAME
Geographic name England and Wales
Chronological subdivision 1543-
690 ## - LOCAL SUBJECT ADDED ENTRY--TOPICAL TERM (OCLC, RLIN)
Topical term or geographic name as entry element PROPERTY-LEASEHOLD PROPERTY-LANDLORD AND TENANT-DILAPIDATIONS
856 40 - ELECTRONIC LOCATION AND ACCESS
Uniform Resource Identifier <a href="https://www.pla.org.uk/">https://www.pla.org.uk/</a>
Public note View the the document free of charge at www.pla.org.uk...
942 ## - ADDED ENTRY ELEMENTS (KOHA)
Suppress in OPAC 0
Holdings
Withdrawn status Lost status Source of classification or shelving scheme Damaged status Not for loan Home library Current library Shelving location Date acquired Total Checkouts Full call number Barcode Date last seen Copy number Price effective from Koha item type
    Dewey Decimal Classification     Virtual Virtual Online 21/09/2006   ONLINE PUBLICATION 135069-1001 06/08/2019 1 06/08/2019 Book